| 000 | 00793 a2200229 4500 | ||
|---|---|---|---|
| 003 | OSt | ||
| 005 | 20180116182644.0 | ||
| 008 | 170823b xxu||||| |||| 00| 0 eng d | ||
| 020 | _a8187162139 | ||
| 020 | _a9788187162131 | ||
| 040 | _c0 | ||
| 082 | _a340.0802 MAT 2000 | ||
| 100 | _aRahul Matthan | ||
| 245 | 0 | 4 |
_aThe law Relating to Computers and the Internet. _cRahul Matthan |
| 260 |
_aIndia _bButterworths India Ltd., _c2000 |
||
| 300 |
_a434p. _bpb |
||
| 440 | _aThe law Relating to Computers and the Internet. | ||
| 500 | _aUnknown Binding. | ||
| 856 | 4 | 0 |
_3Amazon.com _uhttp://www.amazon.com/exec/obidos/ASIN/8187162139/chopaconline-20 |
| 856 | 4 | 0 |
_3Amazon customer reviews _uhttp://www.chopac.org/cgi-bin/tools/azrev.pl?q=8187162139 |
| 942 |
_aNBS _cBK _k340.0802 MAT 2000 _2ddc |
||
| 999 |
_c343522 _d343522 |
||